| 000 | 00550nam a22001817a 4500 | ||
|---|---|---|---|
| 008 | 151203b xxu||||| |||| 00| 0 eng d | ||
| 020 | _a0312596227 | ||
| 050 | _aPS 683 C6 2011 | ||
| 100 |
_aAxelrod Rise B. _d2011. |
||
| 245 |
_aSticks and Stones and Other Student Essays. _cRise B. Axelrod |
||
| 250 | _a7th ed. | ||
| 260 |
_aBoston, _bBedford/St.Martins' _c2011. |
||
| 300 |
_axii, 218p. _c26cm |
||
| 650 | _aAmerica Essays | ||
| 650 | _aCollege readers | ||
| 700 | _aCooper Charles R. | ||
| 942 |
_2lcc _cBOOKS _hPS 683 C6 2011 |
||
| 999 |
_c10205 _d10205 |
||